[Event "LLO 2017/18"]
[Site "Mecklenburg-Vorpommern"]
[Date "2017.12.10"]
[Round "4.2"]
[White "Dettmann, Juergen"]
[Black "Ertel, Wolfhard"]
[Result "0-1"]
[WhiteElo "1486"]
[BlackElo "1838"]
[PlyCount "64"]
[EventDate "2017.??.??"]
[EventType "team-tourn"]
[EventRounds "9"]
[SourceDate "2017.10.08"]
[WhiteTeam "SG Guestrow/Teterow II"]
[BlackTeam "Seehotel Binz"]

1. d4 Nf6 2. c4 g6 3. Nf3 Bg7 4. e3 O-O 5. Be2 d5 6. Nc3 b6 7. b3 Bb7 8. Bb2
Nbd7 9. O-O dxc4 10. bxc4 Ne4 11. Qc2 Ndf6 12. d5 Nc5 13. Nd4 a6 14. Bf3 Qd6
15. Rad1 Nfd7 16. Ba3 Qf6 17. Ne4 Nxe4 18. Bxe4 Rfe8 19. c5 bxc5 20. Bxc5 Nxc5
21. Qxc5 Qe5 22. Bf3 Qd6 23. Qc4 Bxd4 24. Rxd4 Red8 25. Rc1 Qa3 26. Rf4 Bxd5
27. Bxd5 Rxd5 28. Rxf7 Rad8 29. Rf1 Kxf7 30. e4 Qd3 31. Qxc7 Qxe4 32. h3 Rd1
0-1

[Event "LLO 2017/18"]
[Site "Mecklenburg-Vorpommern"]
[Date "2017.12.10"]
[Round "4.3"]
[White "Fechner, Henrik"]
[Black "Jaster, Steven"]
[Result "1/2-1/2"]
[WhiteElo "1759"]
[BlackElo "1398"]
[PlyCount "76"]
[EventDate "2017.??.??"]
[EventType "team-tourn"]
[EventRounds "9"]
[SourceDate "2017.10.08"]
[WhiteTeam "Seehotel Binz"]
[BlackTeam "SG Guestrow/Teterow II"]

1. e4 c5 2. Nc3 Nc6 3. d3 g6 4. g3 Bg7 5. Bg2 Nf6 6. Nf3 d6 7. O-O O-O 8. Nh4
Be6 9. Bd2 d5 10. Qc1 a6 11. Bh6 Qd7 12. Bxg7 Kxg7 13. exd5 Nxd5 14. f4 Nxc3
15. bxc3 Bd5 16. Qd2 Bxg2 17. Qxg2 e6 18. Nf3 Qd5 19. a3 Rad8 20. Rfe1 b6 21.
Qf2 b5 22. Ne5 f6 23. Nxc6 Qxc6 24. Re4 c4 25. Rae1 Rfe8 26. d4 Qd6 27. Qe3
Qxa3 28. Rxe6 Rxe6 29. Qxe6 Qd6 30. Qe4 f5 31. Qe5+ Kf7 32. Kf2 Qxe5 33. fxe5
Ke6 34. Kf3 a5 35. Ra1 Ra8 36. Kf4 h6 37. h4 a4 38. Ra3 Rd8 1/2-1/2

[Event "LLO 2017/18"]
[Site "Mecklenburg-Vorpommern"]
[Date "2017.12.10"]
[Round "4.4"]
[White "Zoll, Cindy"]
[Black "Horch, Helmut"]
[Result "0-1"]
[WhiteElo "1333"]
[BlackElo "1733"]
[PlyCount "48"]
[EventDate "2017.??.??"]
[EventType "team-tourn"]
[EventRounds "9"]
[SourceDate "2017.10.08"]
[WhiteTeam "SG Guestrow/Teterow II"]
[BlackTeam "Seehotel Binz"]

1. f4 d5 2. e3 Nf6 3. d4 Bg4 4. Nf3 e6 5. Bd3 Nbd7 6. O-O c5 7. c3 Ne4 8. Qe1
Be7 9. Nbd2 f5 10. Ne5 Nxe5 11. fxe5 O-O 12. Bc2 Bh4 13. g3 Be7 14. Nxe4 fxe4
15. Bd2 Bh3 16. Rf2 Qb6 17. b3 Rxf2 18. Qxf2 Rf8 19. Qe2 Rf3 20. Kh1 Qd8 21.
Rg1 Qf8 22. Be1 Bg5 23. Bd2 Rf2 24. Qd1 Bf1 0-1

[Event "LLO 2017/18"]
[Site "Mecklenburg-Vorpommern"]
[Date "2017.12.10"]
[Round "4.5"]
[White "Oergel, Ullrich"]
[Black "Tackmann, Lars Erik"]
[Result "1-0"]
[WhiteElo "1733"]
[BlackElo "1310"]
[PlyCount "67"]
[EventDate "2017.??.??"]
[EventType "team-tourn"]
[EventRounds "9"]
[SourceDate "2017.10.08"]
[WhiteTeam "Seehotel Binz"]
[BlackTeam "SG Guestrow/Teterow II"]

1. c4 c5 2. Nc3 Nc6 3. g3 d6 4. Bg2 Bd7 5. Nf3 Nf6 6. O-O g6 7. e3 Bg7 8. d4 b6
9. Qd2 O-O 10. b3 Rb8 11. Bb2 Qc8 12. dxc5 bxc5 13. Rfe1 Bh3 14. Rad1 Bxg2 15.
Kxg2 Rd8 16. Ba1 a6 17. e4 Qc7 18. Nd5 Nxd5 19. Bxg7 Kxg7 20. exd5 Ne5 21. Ng5
h6 22. Nh3 Qd7 23. Qe3 Re8 24. Qc3 Kh7 25. Re2 Rb7 26. Rde1 Ra7 27. Nf4 Qf5 28.
Nh3 Qf6 29. f3 a5 30. Nf2 Kg8 31. Ne4 Qf5 32. Nxc5 Qc8 33. Ne4 Nd7 34. Nxd6 1-0

[Event "LLO 2017/18"]
[Site "Mecklenburg-Vorpommern"]
[Date "2017.12.10"]
[Round "4.8"]
[White "Figurski, Bernhard"]
[Black "Gaedt, Mario"]
[Result "1/2-1/2"]
[WhiteElo "1189"]
[BlackElo "1271"]
[PlyCount "43"]
[EventDate "2017.??.??"]
[EventType "team-tourn"]
[EventRounds "9"]
[SourceDate "2017.10.08"]
[WhiteTeam "SG Guestrow/Teterow II"]
[BlackTeam "Seehotel Binz"]

1. c4 c5 2. b3 Nf6 3. Nc3 b6 4. d3 e6 5. Nf3 Be7 6. g3 Bb7 7. Bg2 a6 8. a4 d6
9. e4 Nbd7 10. O-O O-O 11. Bb2 Qc7 12. Qd2 Rfe8 13. Rfe1 Bf8 14. Rab1 Rad8 15.
Ba3 Qb8 16. b4 Qa8 17. b5 a5 18. Bb2 g6 19. Ne2 Bg7 20. Nh4 e5 21. Nc3 Nf8 22.
Ne2 1/2-1/2

[Event "LLO 2017/18"]
[Site "Mecklenburg-Vorpommern"]
[Date "2017.12.10"]
[Round "4.1"]
[White "Menkhaus, Wolf Dieter"]
[Black "Luethke, Hans Eckart"]
[Result "1/2-1/2"]
[WhiteElo "1832"]
[BlackElo "2091"]
[PlyCount "66"]
[EventDate "2017.??.??"]
[EventType "team-tourn"]
[EventRounds "9"]
[SourceDate "2017.10.08"]
[WhiteTeam "SSC Rostock II"]
[BlackTeam "SSC Graal-Mueritz"]

1. d4 e6 2. c4 f5 3. g3 Nf6 4. Bg2 Be7 5. Nc3 d5 6. Nf3 c6 7. Bf4 Ne4 8. Qd3
O-O 9. O-O g5 10. Bxb8 Rxb8 11. Ne5 Bf6 12. e3 Bd7 13. Rfd1 Be8 14. b3 Bh5 15.
f3 Nd6 16. Rd2 Nf7 17. Nxf7 Rxf7 18. f4 Qf8 19. a4 Be7 20. Rf2 Qh6 21. Bf3 Bxf3
22. Rxf3 b6 23. Ne2 g4 24. Rf2 Qf8 25. Nc1 Bf6 26. Rb1 Rd7 27. Rc2 Rc8 28. b4
Be7 29. Qb3 h5 30. Nd3 Rdc7 31. c5 Rb7 32. Qa2 Qe8 33. Rcb2 h4 1/2-1/2

[Event "LLO 2017/18"]
[Site "Mecklenburg-Vorpommern"]
[Date "2017.12.10"]
[Round "4.2"]
[White "Van Bentum, Horst"]
[Black "Herde, Dittmar"]
[Result "1-0"]
[WhiteElo "1915"]
[BlackElo "1803"]
[PlyCount "29"]
[EventDate "2017.??.??"]
[EventType "team-tourn"]
[EventRounds "9"]
[SourceDate "2017.10.08"]
[WhiteTeam "SSC Graal-Mueritz"]
[BlackTeam "SSC Rostock II"]

1. e4 c5 2. Nf3 d6 3. Nc3 Nf6 4. Bc4 Bg4 5. e5 dxe5 6. Bxf7+ Kxf7 7. Nxe5+ Kg8
8. Nxg4 h5 9. Nxf6+ exf6 10. d3 Nc6 11. O-O Nd4 12. Ne2 Bd6 13. c3 Nxe2+ 14.
Qxe2 g6 15. Qe4 1-0

[Event "LLO 2017/18"]
[Site "Mecklenburg-Vorpommern"]
[Date "2017.12.10"]
[Round "4.3"]
[White "Maertin, Heinz"]
[Black "Simcaks, Sergejs"]
[Result "0-1"]
[WhiteElo "1739"]
[BlackElo "1832"]
[PlyCount "110"]
[EventDate "2017.??.??"]
[EventType "team-tourn"]
[EventRounds "9"]
[SourceDate "2017.10.08"]
[WhiteTeam "SSC Rostock II"]
[BlackTeam "SSC Graal-Mueritz"]

1. e4 c5 2. Nf3 d6 3. d4 cxd4 4. Nxd4 Nf6 5. Nc3 g6 6. Bc4 Bg7 7. f3 O-O 8. Be3
Nc6 9. Qd2 Qa5 10. O-O-O Bd7 11. h4 Rfc8 12. Bb3 Ne5 13. h5 Nc4 14. Bxc4 Rxc4
15. hxg6 hxg6 16. Bh6 Nxe4 17. fxe4 Rxd4 18. Qe3 Rxd1+ 19. Nxd1 Qe5 20. c3 Bf6
21. Bf4 Qe6 22. Kb1 Qg4 23. Qf3 Qxf3 24. gxf3 Bb5 25. Ne3 e5 26. Bg3 Bg5 27.
Bf2 Be2 28. Rh3 Bd3+ 29. Kc1 Bf1 30. Rh2 Bf4 31. Rh4 Bg2 32. Kc2 Bxf3 33. Kd3
Kg7 34. Nd5 g5 35. Rh3 g4 36. Rh4 f5 37. Nxf4 exf4 38. exf5 Kf6 39. Rh6+ Kxf5
40. Rxd6 g3 41. Bg1 Be4+ 42. Kd2 f3 43. Ke3 f2 44. Bxf2 gxf2 45. Kxf2 Rh8 46.
b3 Rh2+ 47. Ke3 Rxa2 48. Rd8 Bc6 49. Rf8+ Ke5 50. Rh8 Ra3 51. Rh5+ Kd6 52. Rh6+
Kc7 53. Kd4 Rxb3 54. c4 Kb6 55. c5+ Kb5 0-1

[Event "LLO 2017/18"]
[Site "Mecklenburg-Vorpommern"]
[Date "2017.12.10"]
[Round "4.4"]
[White "Laser, Dirk"]
[Black "Wurst, Maximilian"]
[Result "1-0"]
[WhiteElo "1797"]
[BlackElo "1680"]
[PlyCount "29"]
[EventDate "2017.??.??"]
[EventType "team-tourn"]
[EventRounds "9"]
[SourceDate "2017.10.08"]
[WhiteTeam "SSC Graal-Mueritz"]
[BlackTeam "SSC Rostock II"]

1. e4 e5 2. f4 exf4 3. Nf3 g5 4. d4 g4 5. Bxf4 gxf3 6. Qxf3 d6 7. Nc3 Nc6 8.
O-O-O Nf6 9. h3 h6 10. e5 Nh7 11. Bc4 Ng5 12. Qh5 Bf5 13. Rhe1 Bg6 14. exd6+
Ne6 15. Rxe6+ 1-0

[Event "LLO 2017/18"]
[Site "Mecklenburg-Vorpommern"]
[Date "2017.12.10"]
[Round "4.7"]
[White "Wegner, Michael"]
[Black "Rath, Wolfgang"]
[Result "1-0"]
[WhiteElo "1627"]
[BlackElo "1659"]
[PlyCount "45"]
[EventDate "2017.??.??"]
[EventType "team-tourn"]
[EventRounds "9"]
[SourceDate "2017.10.08"]
[WhiteTeam "SSC Rostock II"]
[BlackTeam "SSC Graal-Mueritz"]

1. e4 c5 2. Nf3 d6 3. Bc4 Nf6 4. Nc3 Nc6 5. d4 cxd4 6. Nxd4 g6 7. Nxc6 bxc6 8.
e5 Ng4 9. e6 Ne5 10. exf7+ Kd7 11. O-O a5 12. Re1 Bg7 13. Na4 Kc7 14. Qe2 Bf6
15. Bh6 d5 16. f8=Q Rxf8 17. Bxf8 Qxf8 18. Bd3 Qh6 19. Qe3 g5 20. Qb6+ Kd7 21.
Nc5+ Kd6 22. Bb5 Bd7 23. Nxd7 1-0

[Event "LLO 2017/18"]
[Site "Mecklenburg-Vorpommern"]
[Date "2017.12.10"]
[Round "4.8"]
[White "Kundt, Guenther"]
[Black "Kallweit, Paul"]
[Result "1-0"]
[WhiteElo "1583"]
[BlackElo "1395"]
[PlyCount "43"]
[EventDate "2017.??.??"]
[EventType "team-tourn"]
[EventRounds "9"]
[SourceDate "2017.10.08"]
[WhiteTeam "SSC Graal-Mueritz"]
[BlackTeam "SSC Rostock II"]

1. d4 d5 2. c4 e6 3. Nc3 Nf6 4. cxd5 exd5 5. Bg5 Be7 6. e3 O-O 7. Bd3 c6 8.
Nge2 h6 9. Bh4 Ne4 10. Bxe7 Qxe7 11. Qc2 f5 12. Nf4 Kh7 13. h4 g5 14. hxg5 Qxg5
15. O-O-O Nf6 16. Nce2 Ng4 17. Rh5 Qf6 18. Ng3 Na6 19. a3 Qg7 20. Nxf5 Qf6 21.
Nxh6+ Kg7 22. Nf5+ 1-0

[Event "LLO 2017/18"]
[Site "Mecklenburg-Vorpommern"]
[Date "2017.12.10"]
[Round "4.1"]
[White "Eckermann, Klaus"]
[Black "Voelschow, Siegfried"]
[Result "1/2-1/2"]
[WhiteElo "1749"]
[BlackElo "1874"]
[PlyCount "48"]
[EventDate "2017.??.??"]
[EventType "team-tourn"]
[EventRounds "9"]
[SourceDate "2017.10.08"]
[WhiteTeam "Ribnitz-Damgarten"]
[BlackTeam "Waterkant Saal"]

1. e4 e5 2. Nf3 Nc6 3. Bb5 a6 4. Bxc6 dxc6 5. d4 exd4 6. Qxd4 Qxd4 7. Nxd4 c5
8. Nf3 Bg4 9. Nc3 Bd6 10. O-O O-O-O 11. Be3 f6 12. h3 Bxf3 13. gxf3 Ne7 14. Ne2
Nc6 15. c3 Rhe8 16. Ng3 Ne5 17. Kg2 Nd3 18. Rab1 g6 19. Rfd1 Nf4+ 20. Bxf4 Bxf4
21. Ne2 Bd2 22. c4 Rd7 23. b3 Red8 24. Rb2 Bh6 1/2-1/2

[Event "LLO 2017/18"]
[Site "Mecklenburg-Vorpommern"]
[Date "2017.12.10"]
[Round "4.2"]
[White "Schwarz, Eckhard"]
[Black "Floegel, Thomas"]
[Result "1-0"]
[WhiteElo "1844"]
[BlackElo "1685"]
[PlyCount "73"]
[EventDate "2017.??.??"]
[EventType "team-tourn"]
[EventRounds "9"]
[SourceDate "2017.10.08"]
[WhiteTeam "Waterkant Saal"]
[BlackTeam "Ribnitz-Damgarten"]

1. Nf3 d5 2. b3 c5 3. Bb2 Nf6 4. e3 e6 5. Be2 Be7 6. O-O O-O 7. d4 Nc6 8. a3 a6
9. dxc5 Bxc5 10. b4 Ba7 11. c4 dxc4 12. Bxc4 b5 13. Ba2 Qe7 14. Qc2 Bb7 15. Ng5
e5 16. Nc3 g6 17. Rad1 Rac8 18. Qb3 h6 19. Nge4 Nxe4 20. Nxe4 Na5 21. Qd3 Nc4
22. Bxc4 bxc4 23. Qd6 Qxd6 24. Nxd6 c3 25. Nxc8 Rxc8 26. Bxc3 Rxc3 27. Rd7 Bc6
28. Rxa7 Rxa3 29. h3 Kg7 30. Rb1 Ra2 31. b5 Be4 32. Rb4 Ra1+ 33. Kh2 Bd5 34.
Rxa6 Rf1 35. e4 Be6 36. Rxe6 fxe6 37. b6 1-0

[Event "LLO 2017/18"]
[Site "Mecklenburg-Vorpommern"]
[Date "2017.12.10"]
[Round "4.3"]
[White "Dittschlag, Lothar"]
[Black "Wiese, Frank"]
[Result "1/2-1/2"]
[WhiteElo "1646"]
[BlackElo "1903"]
[PlyCount "57"]
[EventDate "2017.??.??"]
[EventType "team-tourn"]
[EventRounds "9"]
[SourceDate "2017.10.08"]
[WhiteTeam "Ribnitz-Damgarten"]
[BlackTeam "Waterkant Saal"]

1. e4 c6 2. d4 d5 3. e5 Bf5 4. Nf3 e6 5. Bd3 Ne7 6. O-O Bg4 7. h3 Bh5 8. c3 Qb6
9. b3 Nd7 10. Be3 Qc7 11. Nbd2 c5 12. Rc1 Nc6 13. Bb1 cxd4 14. cxd4 Ba3 15. Rc2
Qa5 16. g4 Bg6 17. Nh4 Bxc2 18. Qxc2 Be7 19. Ndf3 Qd8 20. Ng2 Nf8 21. g5 h6 22.
gxh6 gxh6 23. Qd2 Qa5 24. Qe2 O-O-O 25. Nfe1 Kb8 26. Qf3 Bg5 27. Qxf7 Rd7 28.
Qe8+ Qd8 29. Qh5 1/2-1/2

[Event "LLO 2017/18"]
[Site "Mecklenburg-Vorpommern"]
[Date "2017.12.10"]
[Round "4.4"]
[White "Onasch, Gunnar"]
[Black "Klugmann, Horst"]
[Result "1-0"]
[WhiteElo "1804"]
[BlackElo "1631"]
[PlyCount "71"]
[EventDate "2017.??.??"]
[EventType "team-tourn"]
[EventRounds "9"]
[SourceDate "2017.10.08"]
[WhiteTeam "Waterkant Saal"]
[BlackTeam "Ribnitz-Damgarten"]

1. d4 d5 2. c4 e6 3. Nc3 Nf6 4. Nf3 Nbd7 5. Bf4 c6 6. Qc2 dxc4 7. e4 Nb6 8. Rd1
Nh5 9. Be3 Nf6 10. Ne5 Be7 11. Nxc4 Nxc4 12. Bxc4 Qa5 13. Be2 O-O 14. O-O Rd8
15. a3 Rd7 16. Bf3 Qd8 17. Rd2 b6 18. Rfd1 Bb7 19. b4 Rc8 20. Qb3 Qe8 21. h3 h6
22. g4 Kf8 23. Qb1 Kg8 24. Kg2 Nh7 25. Kh2 Bg5 26. Bxg5 Nxg5 27. Bg2 Rcd8 28.
Qc2 Qe7 29. e5 Nh7 30. Ne4 c5 31. bxc5 Bxe4 32. Bxe4 bxc5 33. Bxh7+ Kf8 34.
dxc5 Rxd2 35. Rxd2 Rc8 36. Rd6 1-0

[Event "LLO 2017/18"]
[Site "Mecklenburg-Vorpommern"]
[Date "2017.12.10"]
[Round "4.5"]
[White "Wehrmann, Horst"]
[Black "Richter, Frank"]
[Result "0-1"]
[WhiteElo "1585"]
[BlackElo "1711"]
[PlyCount "78"]
[EventDate "2017.??.??"]
[EventType "team-tourn"]
[EventRounds "9"]
[SourceDate "2017.10.08"]
[WhiteTeam "Ribnitz-Damgarten"]
[BlackTeam "Waterkant Saal"]

1. d4 Nf6 2. c4 e6 3. Nc3 Bb4 4. Qc2 O-O 5. e3 d5 6. Bd2 b6 7. Bd3 dxc4 8. Bxc4
Bb7 9. f3 c5 10. Nge2 cxd4 11. Nxd4 Bc5 12. Nde2 Nc6 13. O-O a6 14. a3 b5 15.
Ba2 Qb6 16. Nd1 Rac8 17. b4 Bd6 18. Bc3 Be5 19. Qb2 Bxc3 20. Nexc3 Rfd8 21. Re1
Ne5 22. Nf2 Bxf3 23. gxf3 Rd2 24. Qc1 Nxf3+ 25. Kg2 Nxe1+ 26. Qxe1 Qc6+ 27. Nd5
Rxa2 28. e4 Rxa1 29. Nxf6+ gxf6 30. Qxa1 Qc3 31. Qd1 Qe5 32. h4 Qf4 33. Qg4+
Qxg4+ 34. Nxg4 Kg7 35. Kf3 Rc3+ 36. Kf4 Rxa3 37. e5 fxe5+ 38. Kg5 Rg3 39. h5 f5
0-1

[Event "LLO 2017/18"]
[Site "Mecklenburg-Vorpommern"]
[Date "2017.12.10"]
[Round "4.6"]
[White "Nickel, Reimo"]
[Black "Zierke, Udo"]
[Result "1/2-1/2"]
[WhiteElo "1693"]
[BlackElo "1597"]
[PlyCount "44"]
[EventDate "2017.??.??"]
[EventType "team-tourn"]
[EventRounds "9"]
[SourceDate "2017.10.08"]
[WhiteTeam "Waterkant Saal"]
[BlackTeam "Ribnitz-Damgarten"]

1. d4 d5 2. c4 e6 3. Nf3 Nf6 4. Nc3 c5 5. cxd5 Nxd5 6. Nxd5 exd5 7. dxc5 Bxc5
8. e3 O-O 9. Be2 Qd6 10. O-O Bg4 11. Qb3 b6 12. Rd1 Be6 13. Ng5 h6 14. Nxe6
fxe6 15. Bf3 Nc6 16. a3 Qe5 17. Rxd5 exd5 18. Qxd5+ Qxd5 19. Bxd5+ Kh8 20. Bxc6
Rad8 21. Bf3 a5 22. Rb1 Rf6 1/2-1/2

[Event "LLO 2017/18"]
[Site "Mecklenburg-Vorpommern"]
[Date "2017.12.10"]
[Round "4.7"]
[White "Ochei, Victor"]
[Black "Ehmann, Roland"]
[Result "0-1"]
[WhiteElo "1446"]
[BlackElo "1599"]
[PlyCount "90"]
[EventDate "2017.??.??"]
[EventType "team-tourn"]
[EventRounds "9"]
[SourceDate "2017.10.08"]
[WhiteTeam "Ribnitz-Damgarten"]
[BlackTeam "Waterkant Saal"]

1. e4 e5 2. Nf3 Nf6 3. Bc4 Nc6 4. Ng5 d5 5. exd5 Nxd5 6. d3 Be7 7. Nxf7 Kxf7 8.
Qf3+ Ke6 9. Nc3 Ncb4 10. Bb3 c6 11. O-O Kd6 12. Ne4+ Kc7 13. c4 Nf6 14. Qg3
Nxe4 15. dxe4 Bf6 16. a3 Na6 17. Be3 Qe7 18. Rad1 Be6 19. Rd3 Nc5 20. Bxc5 Qxc5
21. Rfd1 Rad8 22. Ba2 Rxd3 23. Qxd3 Rd8 24. Qc2 Rxd1+ 25. Qxd1 b5 26. b4 Qd4
27. Qc2 Qa1+ 28. Qb1 Qxb1+ 29. Bxb1 Bxc4 30. f3 Bg5 31. Bc2 Bc1 32. a4 Bd2 33.
Kf2 Bxb4 34. Ke3 Bc5+ 35. Kd2 b4 36. Bd3 Bb3 37. Bc2 Bxc2 38. Kxc2 Kb6 39. Kb3
Be7 40. Kc4 Ka5 41. Kb3 c5 42. g3 c4+ 43. Kxc4 Kxa4 44. f4 exf4 45. gxf4 b3 0-1

[Event "LLO 2017/18"]
[Site "Mecklenburg-Vorpommern"]
[Date "2017.12.10"]
[Round "4.8"]
[White "Nickel, Udo"]
[Black "Ehrich, Dieter"]
[Result "1/2-1/2"]
[WhiteElo "1600"]
[BlackElo "1486"]
[PlyCount "44"]
[EventDate "2017.??.??"]
[EventType "team-tourn"]
[EventRounds "9"]
[SourceDate "2017.10.08"]
[WhiteTeam "Waterkant Saal"]
[BlackTeam "Ribnitz-Damgarten"]

1. d4 Nf6 2. Nf3 c5 3. e3 e6 4. c4 cxd4 5. exd4 d5 6. c5 Nc6 7. Bb5 Qa5+ 8. Nc3
Ne4 9. Bd2 Nxc3 10. Bxc6+ bxc6 11. Bxc3 Qc7 12. O-O Be7 13. Qa4 f6 14. Rfe1 O-O
15. b4 Bd8 16. Rab1 Qd7 17. h4 Bc7 18. Re2 Re8 19. Rbe1 a5 20. bxa5 Ba6 21. Rb2
Bb5 22. Qa3 Qd8 1/2-1/2

[Event "LLO 2017/18"]
[Site "Mecklenburg-Vorpommern"]
[Date "2017.12.10"]
[Round "4.1"]
[White "Kilp, Andreas"]
[Black "Lange, Jannis"]
[Result "1/2-1/2"]
[WhiteElo "1701"]
[BlackElo "1904"]
[PlyCount "161"]
[EventDate "2017.??.??"]
[EventType "team-tourn"]
[EventRounds "9"]
[SourceDate "2017.10.08"]
[WhiteTeam "SAV Torgelow II"]
[BlackTeam "SV Motor Wolgast"]

1. e4 c5 2. Nf3 Nc6 3. Nc3 Nf6 4. d4 cxd4 5. Nxd4 e5 6. Ndb5 d6 7. Bg5 a6 8.
Bxf6 gxf6 9. Na3 b5 10. Nd5 f5 11. Bd3 Be6 12. c3 Bg7 13. O-O f4 14. Qh5 O-O
15. g3 h6 16. gxf4 exf4 17. Nxf4 Qg5+ 18. Qxg5 hxg5 19. Nd5 Bh3 20. Rfe1 Ne5
21. Re3 g4 22. Ne7+ Kh8 23. Nf5 Nf3+ 24. Kh1 Be5 25. Bf1 Bxf1 26. Rxf1 Kh7 27.
h3 Rh8 28. Kg2 Kg6 29. hxg4 Nd2 30. Rd1 Nc4 31. Nxc4 bxc4 32. Rh3 Rxh3 33. Kxh3
Rb8 34. Rd2 Bf4 35. Rc2 Kg5 36. Ne3 Bxe3 37. fxe3 Kf6 38. Kg3 Ke5 39. Kf3 Rh8
40. Kg3 Kxe4 41. Rf2 Rb8 42. g5 Kxe3 43. Rg2 Rg8 44. Kg4 f6 45. Rg3+ Kd2 46.
Rg2+ Kc1 47. Kf4 Rxg5 48. Rf2 Rd5 49. b3 Rd2 50. Rf1+ Kb2 51. bxc4 Kxc3 52. Ke4
Kxc4 53. Rxf6 a5 54. Ke3 Kc3 55. a4 Rd1 56. Ke2 Rd5 57. Rf3+ Kb4 58. Rf4+ Kb3
59. Ke3 Rc5 60. Rd4 Rc4 61. Rxd6 Kxa4 62. Kd3 Rc8 63. Rb6 Ka3 64. Kd2 a4 65.
Rb7 Ka2 66. Rb6 Rc7 67. Rb5 Rc6 68. Rb7 Rh6 69. Kc3 Rh3+ 70. Kc2 Rb3 71. Ra7 a3
72. Ra8 Rb2+ 73. Kc1 Rb4 74. Kc2 Rc4+ 75. Kd3 Rb4 76. Kc2 Rb7 77. Ra6 Rb2+ 78.
Kc1 Rb3 79. Kc2 Rb7 80. Ra8 Rb2+ 81. Kc1 1/2-1/2

[Event "LLO 2017/18"]
[Site "Mecklenburg-Vorpommern"]
[Date "2017.12.10"]
[Round "4.2"]
[White "Krasov, Oleksi"]
[Black "Kilp, Gunnar"]
[Result "1-0"]
[WhiteElo "1897"]
[BlackElo "1685"]
[PlyCount "103"]
[EventDate "2017.??.??"]
[EventType "team-tourn"]
[EventRounds "9"]
[SourceDate "2017.10.08"]
[WhiteTeam "SV Motor Wolgast"]
[BlackTeam "SAV Torgelow II"]

1. e4 c5 2. Nc3 g6 3. f4 Bg7 4. Nf3 d6 5. Bc4 a6 6. a4 Nc6 7. d3 e6 8. O-O Nge7
9. Qe1 Nd4 10. Nxd4 Bxd4+ 11. Kh1 O-O 12. Ne2 Bg7 13. Bb3 Bd7 14. c3 b5 15.
axb5 axb5 16. Rxa8 Qxa8 17. Qh4 Nc6 18. Qg3 Na5 19. Bc2 f5 20. Ng1 Bc6 21. Re1
b4 22. Bd2 bxc3 23. Bxc3 Bxc3 24. bxc3 fxe4 25. dxe4 Bd7 26. Nf3 Nc4 27. Bb3
Na5 28. Ba2 Nc6 29. Bb1 Qc8 30. h4 Kh8 31. f5 exf5 32. Qxd6 fxe4 33. Bxe4 Kg7
34. Rd1 Be8 35. Ng5 Rf6 36. Qg3 Ne7 37. Rd6 Nf5 38. Bxf5 Qxf5 39. Rxf6 Qxf6 40.
Qc7+ Bf7 41. Qxc5 Qf1+ 42. Qg1 Qe2 43. Qd4+ Kg8 44. Nf3 Qf1+ 45. Kh2 Qb5 46.
Ne5 Qf1 47. c4 Qf5 48. Nxf7 Kxf7 49. Qd5+ Qe6 50. Kg3 Kf6 51. Qxe6+ Kxe6 52.
Kf4 1-0

[Event "LLO 2017/18"]
[Site "Mecklenburg-Vorpommern"]
[Date "2017.12.10"]
[Round "4.3"]
[White "Kasel, Alexander"]
[Black "Reinke, Thomas"]
[Result "0-1"]
[WhiteElo "1668"]
[BlackElo "1919"]
[PlyCount "80"]
[EventDate "2017.??.??"]
[EventType "team-tourn"]
[EventRounds "9"]
[SourceDate "2017.10.08"]
[WhiteTeam "SAV Torgelow II"]
[BlackTeam "SV Motor Wolgast"]

1. c4 f5 2. g3 Nf6 3. Bg2 g6 4. Nc3 Bg7 5. Nf3 d6 6. d4 O-O 7. O-O Qe8 8. Bg5
c6 9. Rb1 Nbd7 10. d5 Nc5 11. dxc6 bxc6 12. Nd4 Bd7 13. Bxf6 Bxf6 14. b4 Ne6
15. Nxe6 Bxe6 16. Qd3 Rc8 17. a3 Qf7 18. c5 Bc4 19. Qe3 d5 20. Nd1 e5 21. Nb2
d4 22. Qd3 Be6 23. e3 Rfd8 24. exd4 Rxd4 25. Qe3 e4 26. f3 Rcd8 27. fxe4 Rd2
28. e5 Bg7 29. Qc3 Qc7 30. Nc4 R2d3 31. Qc2 Bxe5 32. Rfe1 Rc3 33. Qxc3 Bxc3 34.
Rxe6 Qd7 35. Rd6 Qe7 36. Bxc6 Rxd6 37. cxd6 Qe2 38. Bd5+ Kf8 39. Rc1 Qe3+ 40.
Kf1 Qxc1+ 0-1

[Event "LLO 2017/18"]
[Site "Mecklenburg-Vorpommern"]
[Date "2017.12.10"]
[Round "4.4"]
[White "Haenjes, Frank"]
[Black "Grossmann, Piet"]
[Result "1-0"]
[WhiteElo "1887"]
[BlackElo "1654"]
[PlyCount "65"]
[EventDate "2017.??.??"]
[EventType "team-tourn"]
[EventRounds "9"]
[SourceDate "2017.10.08"]
[WhiteTeam "SV Motor Wolgast"]
[BlackTeam "SAV Torgelow II"]

1. Nf3 e6 2. g3 Nf6 3. Bg2 d5 4. c4 Be7 5. O-O O-O 6. b3 Nbd7 7. Bb2 Re8 8. d3
c6 9. Nbd2 Nf8 10. e4 dxe4 11. dxe4 h6 12. Qc2 Qc7 13. Be5 Qb6 14. Rac1 c5 15.
Rfe1 Bd7 16. Bc3 Bc6 17. Ne5 N6d7 18. Nxc6 Qxc6 19. e5 Qc7 20. Be4 Rab8 21. f4
b6 22. Rf1 Rbd8 23. Rce1 Nb8 24. f5 exf5 25. Rxf5 Ne6 26. Bd5 Rf8 27. Ref1 Nc6
28. Rxf7 Rxf7 29. Bxe6 Rdf8 30. Qg6 Bg5 31. Ne4 Be3+ 32. Kg2 Qe7 33. Nf6+ 1-0

[Event "LLO 2017/18"]
[Site "Mecklenburg-Vorpommern"]
[Date "2017.12.10"]
[Round "4.5"]
[White "Schmekel, Felix"]
[Black "Riebort, Frank"]
[Result "0-1"]
[WhiteElo "1636"]
[BlackElo "1883"]
[PlyCount "98"]
[EventDate "2017.??.??"]
[EventType "team-tourn"]
[EventRounds "9"]
[SourceDate "2017.10.08"]
[WhiteTeam "SAV Torgelow II"]
[BlackTeam "SV Motor Wolgast"]

1. d4 Nf6 2. c4 g6 3. Nc3 Bg7 4. e4 d6 5. f3 O-O 6. Be3 e5 7. Nge2 Nc6 8. d5
Ne7 9. g4 c6 10. Ng3 Ne8 11. h4 h6 12. Qd2 Kh7 13. h5 g5 14. Rd1 c5 15. Rb1 Bd7
16. b4 b6 17. bxc5 bxc5 18. Bd3 Nc7 19. Kf2 Nc8 20. Rb2 Nb6 21. Rhb1 Qf6 22.
Kg2 Rfc8 23. Nge2 Qd8 24. Nc1 Bf6 25. Qc2 Qe8 26. Ra1 Rcb8 27. a4 Na6 28. Nb5
Bxb5 29. axb5 Nb4 30. Qc3 a6 31. Rxb4 cxb4 32. Qxb4 axb5 33. Rxa8 Nxa8 34. cxb5
Qd7 35. Nb3 Bd8 36. Na5 Bxa5 37. Qxa5 Qb7 38. Qa3 Qc7 39. Bd2 Nb6 40. Bb4 Nc8
41. Ba5 Qa7 42. Qc3 Ra8 43. Bc7 Qe3 44. Ba5 Kg7 45. Bf1 Qa7 46. Bc7 Qa2+ 47.
Kg3 Qb1 48. Qd3 Qe1+ 49. Kh3 Ra2 0-1

[Event "LLO 2017/18"]
[Site "Mecklenburg-Vorpommern"]
[Date "2017.12.10"]
[Round "4.6"]
[White "Klotzsche, Stefan"]
[Black "Schmekel, Matthias"]
[Result "1-0"]
[WhiteElo "1751"]
[BlackElo "1638"]
[PlyCount "91"]
[EventDate "2017.??.??"]
[EventType "team-tourn"]
[EventRounds "9"]
[SourceDate "2017.10.08"]
[WhiteTeam "SV Motor Wolgast"]
[BlackTeam "SAV Torgelow II"]

1. d4 f5 2. Nf3 Nf6 3. g3 g6 4. Bg2 Bg7 5. O-O O-O 6. b3 d6 7. Bb2 Qe8 8. Nbd2
Na6 9. c4 c6 10. Re1 Ne4 11. Qc2 Nxd2 12. Nxd2 e5 13. dxe5 dxe5 14. e4 f4 15.
Ba3 c5 16. Rad1 b6 17. h3 Be6 18. g4 Rd8 19. Nb1 Qe7 20. Nc3 Qh4 21. f3 Nb8 22.
Nd5 Nc6 23. Bb2 Nd4 24. Qd3 Rd7 25. Rf1 h5 26. Bc3 hxg4 27. hxg4 Kf7 28. Be1
Qh7 29. Bf2 Rh8 30. Rfe1 Bxd5 31. exd5 Bf6 32. Qe4 Ke8 33. Qxf4 Rf7 34. Bxd4
cxd4 35. Rxd4 Be7 36. Qxe5 Kf8 37. Rde4 Bc5+ 38. Kf1 Qh4 39. Qb2 Re7 40. Rxe7
Bxe7 41. Re6 Rh7 42. Rxg6 Kf7 43. Qc2 Ke8 44. d6 Bg5 45. Qf5 Bd2 46. Rg8# 1-0